000 00420nam a2200181Ia 4500
001 14414
005 20260306164912.0
008 260306t2018||||xx |||||||||||||| ||spa||
041 _aESP
082 _a512.9
_bK26
100 _aKaufmann, Jerome E.
_eAUT
245 0 _aÁlgebra elemental
260 _c2018
300 _axiv, 683 páginas :
_c27 cm.
650 _aGEN
654 _aCMA
942 _cLIB
_dJUS
_fJUS
_2ddc
_n
999 _c14414
_d14414